Statistics for Sacramento Kings Trivia

Click here to take the quiz!

General Stats

  • This quiz has been taken 253 times
  • The average score is 9 of 11

Answer Stats

HintAnswer% Correct
Current player nicknamed "Swipa"De'Aaron Fox
92%
Team that defeated the Kings in the 2002 Western Conference finals –
possibly rigged by corrupt referees
Los Angeles Lakers
91%
Current player who is the son of Soviet legend Arvydas Sabonis{Domantas} Sabonis
90%
Nickname of former star DeMarcus CousinsBoogie
85%
Player who averaged a triple-double for an entire season in 1961–62Oscar Robertson
85%
Point guard nicknamed "white chocolate" who electrified fans from 1998–2001Jason Williams
80%
Forward who led the team from 1998–2005 as a four-time All-StarChris Webber
79%
Serbian-born player who won the 3 point contest in 2002 and 2003Peja Stojaković
74%
Name one of the cities that the team played in before moving to Sacramento in 1985
Rochester / Cincinnati /
Kansas City
72%
Nickname of former star Nate ArchibaldTiny
71%
Home arena of the Kings{Golden} 1 Center
49%

Score Distribution

Percentile by Number Answered

Percent of People with Each Score

Your Score History

You have not taken this quiz